Free to be--a family /

A collection of stories, poems, and songs about different types of families and family relationships.

Bibliographic Details
Other Authors: Thomas, Marlo
Format: Book
Language:English
Published: Toronto ; New York : Bantam Books, 1987.
Subjects:

MARC

Tag First Indicator Second Indicator Subfields
LEADER 00000cam a2200000 a 4500
001 in00000020241
005 20151007053847.0
008 870605s1987 oncag j 00001 eng
010 |a  87047581  
020 |a 0553052357 
035 |a (OCoLC)16089376 
035 |9 AAB3080AM 
040 |a DLC  |c DLC  |d m/c  |d TXA  |d UtOrBLW 
049 |a [Curr Col] TXAM  |c [A12554402] 
050 0 0 |a PZ5  |b .F855 1987 
082 0 |a [Fic]  |2 19 
245 0 0 |a Free to be--a family /  |c conceived by Marlo Thomas [and others]. 
264 1 |a Toronto ;  |a New York :  |b Bantam Books,  |c 1987. 
300 |a 176 pages :  |b color illustrations, music 
336 |a text  |b txt  |2 rdacontent 
337 |a unmediated  |b n  |2 rdamedia 
338 |a volume  |b nc  |2 rdacarrier 
520 |a A collection of stories, poems, and songs about different types of families and family relationships. 
650 0 |a Families  |v Literary collections. 
650 0 |a Children's literature. 
650 1 |a Family life  |x Literary collections. 
650 1 |a Short stories. 
650 1 |a American poetry. 
650 1 |a Songs. 
700 1 |a Thomas, Marlo. 
999 |a MARS 
999 f f |s edd316e9-d62a-3815-a906-33b692fda00f  |i dda22409-9c6b-30d5-bf99-ba83c2e808f5  |t 0 
952 f f |p normal  |a Texas A&M University  |b College Station  |c Sterling C. Evans Library  |d Evans: Curriculum Collection (4th floor)  |t 0  |e PZ5 .F855 1987  |h Library of Congress classification  |i unmediated -- volume  |m A14812554402 
998 f f |a PZ5 .F855 1987  |t 0  |l Evans: Curriculum Collection (4th floor)